000 00983na a2200265 4500
001 19091
003 MIRAKIL
005 20181213155054.0
008 161208b tu 000 0
020 _a9789944898942
040 _aMilas
_btur
_cTR-AnCHP
041 _atur
082 _a711.5909561
_bK35 2010
090 _a711.5909561 K35 2010
245 _aKent düşleri projefikir
_bUlucanlar Merkez Kapalı Cezaevi Değerlendirme Projesi
_bMimarlık Öğrencileri Ulusal Fikir Yarışması
_cTMMOB Mimarlar Odası Ankara Şubesi
246 _aMimarlık Öğrencileri Ulusal Fikir Yarışması
246 _aUlucanlar Merkez Kapalı Cezaevi Değerlendirme Projesi
260 _aAnkara
_bTMMOB Mimarlar Odası
_c2010
300 _a245 s.
_bres.
_c30 sm.
490 _aKent Düşleri
_v1
610 _aUlucanlar Merkez Kapalı Cezaevi
_xMimari yapı
_yProjeler
650 _aMimarlık
_xYarışmalar
_zAnkara
710 _aTMMOB Mimarlar Odası Ankara Şubesi
942 _2ddc
_cBKS
999 _c6041
_d6041